00924ntm a22002417a 450000500170000000800410001704000280005808200170008610000210010324500920012426000100021630000340022650001860026059000120044665000390045865300230049765500090052070000180052977700090054794200080055699900170056495201010058120170813152956.0170802s2014 xx a frb 000 0 eng d aEG-ScBUEbengcEG-ScBUE04222a624bMOA1 aMoataz, Mohamed.10aR.C Structures design high rise residential building /cby Mohamed Moataz, Anas Sherif. c2014. a1 v. :bill. (col.) ;c28 cm. aA design project submitted to the faculty of engineering at the British university in Egypt in partial fulfillment of the requirements for the bachelor degree in civil engineering.  aAngham. 72BUEshaCivil EngineeringvProjects bENGCIVcAugust2017 vSPRO1 aSherif, Anas. ASPRO 2ddc c25383d25355 00102ddc4070aMAINbMAINc2NDd2017-08-09l0o624 MOAp000046787r2025-07-15 00:00:00yPROJST